000 01123cab a2200253 4500
001 X91222
008 090401t1998 xxu||||| |||| 00| 0 eng d
035 _a(Sirsi) u85691
041 _aeng
245 _aBarnet LBC and Merritt and Myers
260 _c1998
350 _a0
490 _aPlanning Appeal Decisions
_v[1998] 13 PAD 154-157(4)
520 _a2 December 1997. Children`s playhouse in rear garden - enforcement notice and planning refusal - not attached to ground - degree of permanence - building operation - not permitted under GDO because of Article 4 direction - conservation area - Area of Special Character - UDP - presence conflicting with predominantly natural aspect of rear of buildings - temporary permission inappropriate - injury to amenity. (Taken from journal headnote.)
650 _aAREA OF SPECIAL CHARACTER
650 _aBARNET LBC AND MERRITT AND MYERS
650 _aCHILDREN`S PLAYHOUSE
650 _aCONSERVATION AREA
650 _aENFORCEMENT NOTICE
650 _aPLANNING PERMISSION
690 _aPLANNING LAW AND PRACTICE-CASE LAW
942 _n0
948 _c20/04/1998
999 _c53900
_d53900